[Event "BAGDAD III"]
[Site "SchemingMind.com"]
[Date "2023.09.07"]
[Round "-"]
[White "Robert Bruce"]
[Black "William Lindberg"]
[Result "1/2-1/2"]
[WhiteCountry "SCO"]
[BlackCountry "USA"]
[WhiteElo "2359"]
[WhiteRD "68"]
[BlackElo "2336"]
[BlackRD "68"]
[GameID "737120"]

1. d4 d5 2. e4 dxe4 3. Nc3 Nf6 4. f3 exf3 5. Nxf3 g6 6. Bg5 Bg7 7. Qd2 a5 8. O-O-O O-O 9. Bh6 Qd6 10. Re1 Nc6
11. Bxg7 Kxg7 12. Nb5 Qd8 13. a3 Bg4 14. Ng5 Na7 15. h3 Bc8 16. Nc3 Rb8 17. a4 h6 18. Nf3 b6 19. Ne5 e6 20. g4 Nd7
21. Bg2 Qg5 22. Re3 Nxe5 23. dxe5 Rd8 24. Qf2 Qe7 25. Rf1 Ba6 26. Rg1 Rd7 27. g5 h5 28. Bh1 Rbd8 29. Qf6+ Qxf6 30. gxf6+ Kh6
31. h4 Rd4 32. Be4 b5 33. Ne2 Rxa4 34. Kb1 Rd7 35. b3 Rb4 36. c3 Rxb3+ 37. Kc2 Ra3 38. Nf4 Ra2+ 39. Kb1 Ra4 40. Nh3 Bb7
41. Bxb7 Rxh4 42. Ng5 c6 43. Ba6 Rg4 44. Rxg4 hxg4 45. Ne4 Kh5 46. Re1 g3 47. Nxg3+ Kg4 48. Ne4 Kf4 49. Kc2 g5 50. Nc5 Rd8
51. Nb7 Rd7 52. Nc5 Rd8 53. Nb7 Rd7 54. Rg1 a4 55. Nc5 Rd8 56. Nd3+ Kf5 57. Rh1 Rg8 58. Rf1+ Ke4 59. Re1+ Kf5 60. Rf1+ Ke4
61. Re1+ Kf5 62. Nc5 g4 63. Nb7 Kf4 64. Nd6 Rf8 65. Re4+ Kf3 66. Kd3 g3 67. Re3+ Kg2 68. Ke4 Kh2 69. Nxf7 Rxf7 70. Kf3 Rd7
71. Re2+ Kh3 72. Rg2 Rd3+ 73. Ke2 Rd8 74. Kf3 Rd3+ 75. Ke2 Rd8=
1/2-1/2

[Event "BAGDAD III"]
[Site "SchemingMind.com"]
[Date "2023.09.07"]
[Round "-"]
[White "William Lindberg"]
[Black "Robert Bruce"]
[Result "0-1"]
[WhiteCountry "USA"]
[BlackCountry "SCO"]
[WhiteElo "2336"]
[WhiteRD "68"]
[BlackElo "2359"]
[BlackRD "68"]
[GameID "737121"]

1. e4 c6 2. d4 d5 3. Nc3 dxe4 4. Nxe4 Bf5 5. Ng3 Bg6 6. Nf3 Nd7 7. Bf4 Ngf6 8. Bd3 Bxd3 9. Qxd3 e6 10. O-O Be7
11. c4 Nf8 12. h4 N8d7 13. Rfd1 Qb6 14. a4 a5 15. Nf1 O-O 16. Ne3 Rfe8 17. Qc2 Rac8 18. c5 Qa7 19. Nc4 b6 20. Nd6 Bxd6
21. Bxd6 Nd5 22. cxb6 Qxb6 23. Rac1 h6 24. g3 Red8 25. Rd2 Nb8 26. Bc5 Qb7 27. Ne5 Nd7 28. Qd1 Qc7 29. Nc4 Nxc5 30. Qf3 Nd7
31. b3 Rb8 32. Rd3 Rbc8 33. Qh5 Rb8 34. Rf3 f5 35. Rd3 Re8 36. Qd1 Ra8 37. Rd2 Re7 38. Qf3 Nb4 39. Kf1 Rf7 40. Kg2 Qd8
41. Kh3 Re7 42. Kg2 Qb8 43. Rb2 Qa7 44. Rd2 Rd8 45. Qe3 Nb6 46. Ne5 Nd7 47. Ng6 Ree8 48. Rc4 Nd5 49. Qf3 c5 50. dxc5 Nxc5
51. Ne5 Rd6 52. Kg1 Nd7 53. Qe2 Qb7 54. Nxd7 Rxd7 55. Rc5 Qxb3 56. Qb5 Qxb5 57. Rxb5 Rc8 58. Rxa5 h5 59. Re2 Kf7 60. Ra6 Re8
61. a5 Nc7 62. Ra7 Ra8 63. Rxa8 Nxa8 64. Ra2 Ra7 65. f3 Nc7 66. f4 Nb5 67. Kf2 Nd4 68. a6 Ke7 69. Kg1 Nb3 70. Rb2 Nc5
71. Rb5 Kd6 72. Rb8 Rxa6 73. Rg8 Ra1+ 74. Kg2 Ra2+ 75. Kg1 Kd5 76. Rxg7 Ke4 77. Rc7 Ra1+ 78. Kh2 Ra5 79. Kh3 Kf3 80. Rc8 Ra1
81. Kh2 Ra2+ 82. Kg1 Ne4 83. Rc1 e5 84. Rc7 Nxg3 85. Rc3+ Kg4 86. Rxg3+ Kxg3
0-1

[Event "BAGDAD III"]
[Site "SchemingMind.com"]
[Date "2023.09.06"]
[Round "-"]
[White "Robert Bruce"]
[Black "JAHI"]
[Result "*"]
[WhiteCountry "SCO"]
[BlackCountry "INT"]
[WhiteElo "2352"]
[WhiteRD "69"]
[BlackElo "2204"]
[BlackRD "80"]
[GameID "737122"]

1. f4 d6 2. Nf3 d5 3. e3 Bg4 4. h3 Bxf3 5. Qxf3 e6 6. b3 a6 7. g4 a5 8. Bb2 a4 9. b4 h6 10. a3 c6
11. h4 Na6 12. c4 Nc7 13. Nc3 Nf6 14. Rc1 Bd6 15. cxd5 exd5 16. Ne2 Kf8 17. Ng3 Nce8 18. g5 Ne4 19. Nxe4 dxe4 20. Qxe4 Qe7
21. Qf3 Rd8 22. Bc4 Qd7 23. Bc3 Be7 24. Qg2 Qf5 25. Ke2 Nd6 26. Bd3 Qd5 27. Qxd5 cxd5 28. Bd4 Rd7 29. Rcg1 Rg8 30. Bh7 h5
31. Rc1 Rh8 32. Bd3 Nc4 33. Rc3 Nd6 34. Rc5 Nc4 35. Rc8+ Rd8 36. Rc7 Rb8 37. Ra1 b6 38. Bxc4 dxc4 39. Bxb6 f6 40. g6 f5
41. Bd4 Ke8 42. Rc1 Rh6 43. Rg1 Rh8 44. Rc1 Rh6 45. Rg1 Rh8 46. Be5 Rg8 47. Rxc4 Rd8 48. Rc7 Bxh4 49. Rh1 Bf6 50. Rxh5 Rd7
51. Rc8+ Rd8 52. Rc7 Rd7 53. Rc6 Bxe5 54. fxe5 Rf8 55. e4 fxe4 56. Rh7 e3 57. Kxe3 Kd8 58. Ra6 Rf5 59. Rh8+ Ke7 60. d4 Rd8
61. Rh7 Rf1 62. Rxg7+ Kf8
*

[Event "BAGDAD III"]
[Site "SchemingMind.com"]
[Date "2023.09.06"]
[Round "-"]
[White "JAHI"]
[Black "Robert Bruce"]
[Result "*"]
[WhiteCountry "INT"]
[BlackCountry "SCO"]
[WhiteElo "2204"]
[WhiteRD "80"]
[BlackElo "2352"]
[BlackRD "69"]
[GameID "737123"]

1. c3 Nf6 2. c4 c5 3. Nc3 Nc6 4. d3 e6 5. Bg5 d5 6. e3 d4 7. Bxf6 gxf6 8. Ne4 f5 9. Nd2 dxe3 10. fxe3 Bh6
11. e4 Qd4 12. Rb1 Nb4 13. Qe2 Nc2+ 14. Kd1 Ne3+ 15. Ke1 Bd7 16. g3 O-O-O 17. Ngf3 Nc2+ 18. Kd1 Ne3+ 19. Ke1 Qd6 20. e5 Qc7
21. Bg2 Ba4 22. Nf1 Nxg2+ 23. Kf2 Qd7 24. Rg1 Qxd3 25. Qxd3 Rxd3 26. Rxg2 Bc6 27. Ne1 Rd7 28. Nf3 Rd3 29. Ne1 Rd4 30. b3 Rhd8
31. Rb2 Bxg2 32. Kxg2 Rd1 33. Nf3 Ra1 34. h3 b6 35. N3h2 Bc1 36. Rc2 Re8 37. Kf2 h5 38. Ne3 Rg8 39. Ng2 Bh6 40. Nh4 Rd8
41. N4f3 Rdd1 42. Kg2 Kd7 43. Rf2 Be3 44. Re2 Ke7 45. g4 hxg4 46. hxg4 Bf4 47. Rb2 Rac1 48. gxf5 exf5 49. Rf2 Rd8 50. Nh4 Rg8+
51. Kf3 Bxh2 52. Rxh2 Ke6 53. Ng2 Kxe5 54. Ne3 Rc3 55. Rh1 Rd3 56. Ke2 Ke4 57. Rh4+ f4 58. Nd1 Re8 59. Nb2 Re3+ 60. Kd1 Rd8+
61. Kc2 Re2+ 62. Kc1 Re1+ 63. Kc2 Ke3 64. b4 f3 65. Kb3 f2 66. Rh3+ Ke4 67. Rh4+ Kf5 68. Rh5+ Kg4 69. Rh7
*

[Event "BAGDAD III"]
[Site "SchemingMind.com"]
[Date "2023.09.07"]
[Round "-"]
[White "Robert Bruce"]
[Black "eliecercruzr"]
[Result "1/2-1/2"]
[WhiteCountry "SCO"]
[BlackCountry "CUB"]
[WhiteElo "2359"]
[WhiteRD "68"]
[BlackElo "2309"]
[BlackRD "61"]
[GameID "737124"]

1. e4 c5 2. Nf3 Nc6 3. d4 cxd4 4. Nxd4 Nf6 5. Nc3 e6 6. Ndb5 d6 7. Bf4 e5 8. Bg5 a6 9. Na3 b5 10. Bxf6 gxf6
11. Nd5 f5 12. c3 Bg7 13. Bd3 Be6 14. Nxb5 axb5 15. Bxb5 Rc8 16. Qa4 Bd7 17. exf5 O-O 18. O-O e4 19. Rfe1 Ne5 20. Bxd7 Nxd7
21. Qxe4 Nf6 22. Nxf6+ Bxf6 23. Rad1 Qb6 24. Qg4+ Kh8 25. Rd2 Rce8 26. Red1 Re5 27. g3 Rd8 28. Qf3 Qb5 29. Kg2 Rxf5=
1/2-1/2

[Event "BAGDAD III"]
[Site "SchemingMind.com"]
[Date "2023.09.07"]
[Round "-"]
[White "eliecercruzr"]
[Black "Robert Bruce"]
[Result "1/2-1/2"]
[WhiteCountry "CUB"]
[BlackCountry "SCO"]
[WhiteElo "2309"]
[WhiteRD "61"]
[BlackElo "2359"]
[BlackRD "68"]
[GameID "737125"]

1. e4 e5 2. Nf3 Nf6 3. Nxe5 d6 4. Nf3 Nxe4 5. d4 d5 6. Bd3 Bf5 7. O-O Be7 8. Re1 O-O 9. c4 c6 10. Nc3 Nxc3
11. bxc3 Bxd3 12. Qxd3 Nd7 13. Bf4 Nf6 14. c5 Re8 15. Rab1 b6 16. Ne5 Rc8 17. Qa6 Ne4 18. cxb6 axb6 19. Qb7 Nxc3 20. Nxc6 Rxc6
21. Qxc6 Nxb1 22. Rxb1 Bf6 23. Be3 h5 24. g3 h4 25. Qxb6=
1/2-1/2

[Event "BAGDAD III"]
[Site "SchemingMind.com"]
[Date "2023.09.08"]
[Round "-"]
[White "William Lindberg"]
[Black "JAHI"]
[Result "1-0"]
[WhiteCountry "USA"]
[BlackCountry "INT"]
[WhiteElo "2375"]
[WhiteRD "65"]
[BlackElo "2161"]
[BlackRD "78"]
[GameID "737126"]

1. c4 d6 2. d4 d5 3. cxd5 Qxd5 4. Nc3 Qd8 5. Nf3 c6 6. e4 Nf6 7. h3 e6 8. Bd3 b6 9. O-O Bb7 10. Re1 Bb4
11. a3 Bxc3 12. bxc3 h6 13. Nd2 Kf8 14. e5 Ne8 15. Be4 Kg8 16. a4 Na6 17. Ba3 Qd7 18. Rb1 Rd8 19. Qf3 Ba8 20. Nc4 h5
21. h4 g6 22. Nd6 Nxd6 23. exd6 Rh7 24. Bd3 Nb8 25. Qg3 Qe8 26. c4 Nd7 27. a5 bxa5 28. c5 Nf6 29. Bc1 Nd5 30. Bd2 Qd7
31. Bxa5 Re8 32. Bc7 Rf8 33. Ra1 Bb7 34. Rxa7 Bc8 35. Bb6 Qe8 36. Ra8 Qd7 37. Rea1 e5 38. dxe5 Qg4 39. Qxg4 Bxg4 40. Rxf8+ Kxf8
41. Bc4 Nf4 42. Ra8+ Kg7 43. Bd8 g5 44. Bf6+ Kh6 45. Rg8 Rg7 46. hxg5+ Kg6 47. Rxg7+ Kf5 48. d7 Be2 49. Bb3 Bd1 50. Bxd1 Ke4
51. d8=Q Nd5 52. e6 Kd3 53. Bb3 fxe6 54. Qd6 h4 55. Qe5 h3 56. Qd4+ Ke2 57. Qd1#
1-0

[Event "BAGDAD III"]
[Site "SchemingMind.com"]
[Date "2023.09.07"]
[Round "-"]
[White "JAHI"]
[Black "William Lindberg"]
[Result "0-1"]
[WhiteCountry "INT"]
[BlackCountry "USA"]
[WhiteElo "2161"]
[WhiteRD "78"]
[BlackElo "2375"]
[BlackRD "65"]
[GameID "737127"]

1. c3 Nf6 2. c4 e5 3. Nc3 Bb4 4. a3 Bxc3 5. dxc3 O-O 6. Bg5 d6 7. e3 h6 8. Bxf6 Qxf6 9. Bd3 Be6 10. Kf1 Nd7
11. Ne2 Nc5 12. Ng3 Rad8 13. Be2 d5 14. cxd5 Bxd5 15. Qe1 Qc6 16. f3 e4 17. f4 Nd3 18. Bxd3 exd3 19. Qd2 Rfe8 20. Re1 b6
21. h3 Qg6 22. Kf2 c5 23. h4 f5 24. h5 Qf7 25. Rh3 a5 26. Nf1 c4 27. Nh2 b5 28. Nf3 Bxf3 29. Kxf3 Kh7 30. Kf2 Re4
31. Kf1 Rd6 32. Kf2 Rb6 33. Ra1 Qe7 34. Rc1 b4 35. cxb4 axb4 36. a4 Rc6 37. Rf3 Qd8 38. Rh3 c3 39. bxc3 Rec4 40. Rd1 Rd6
41. cxb4 Rc2 42. Rhh1 Rdc6 43. Kf3 Qd5+ 44. Kg3 Qe4 45. Rhe1 Rxd2 46. Rxd2 Qxb4 47. Red1 Rc2 48. Rxc2 dxc2 49. Rf1 Qd2 50. a5 c1=Q
51. Rxc1 Qxe3+ 52. Kh2 Qxf4+ 53. g3 Qxc1 54. a6 Qa3 55. Kg2 Qxa6 56. Kf3 Qd3+ 57. Kf2 g5 58. hxg6+ Kxg6 59. Ke1 Qc2 60. Kf1 Kg5
61. Ke1 Kg4 62. Kf1 Kf3 63. Ke1 Qe2#
0-1

[Event "BAGDAD III"]
[Site "SchemingMind.com"]
[Date "2023.09.07"]
[Round "-"]
[White "William Lindberg"]
[Black "eliecercruzr"]
[Result "1-0"]
[WhiteCountry "USA"]
[BlackCountry "CUB"]
[WhiteElo "2336"]
[WhiteRD "68"]
[BlackElo "2309"]
[BlackRD "61"]
[GameID "737128"]

1. c4 Nf6 2. d4 e6 3. Nf3 d5 4. Nc3 Bb4 5. g3 O-O 6. Bg2 dxc4 7. O-O Nc6 8. Qa4 Nd5 9. Qc2 Be7 10. Rd1 b6
11. e4 Ndb4 12. Qb1 Na5 13. b3 cxb3 14. axb3 Bb7 15. d5 exd5 16. Nxd5 Bxd5 17. exd5 c5 18. Ba3 Bf6 19. Bxb4 cxb4 20. Ra4 Nb7
21. Rxb4 Nd6 22. Nd4 Bxd4 23. Rbxd4 a5 24. Rc1 b5 25. Rc6 Qf6 26. Qd1 Qe5 27. Bf3 Rfd8 28. h4 f5 29. Rc2 Qe7 30. Re2 Qc7
31. Kg2 Qc5 32. Rc2 Qa7 33. Re2 Qc5 34. Re6 Ra7 35. Rd2 Rc7 36. Rde2 Qc3 37. Re7 Rxe7 38. Rxe7 h6 39. Qe2 a4 40. Qe6+ Kh8
41. bxa4 bxa4 42. Ra7 Qd4 43. Ra5 Ne4 44. Bxe4 fxe4 45. Qe7 Rg8 46. d6 Qd3 47. d7 Qf3+ 48. Kg1 Rf8 49. Qxf8+
1-0

[Event "BAGDAD III"]
[Site "SchemingMind.com"]
[Date "2023.09.07"]
[Round "-"]
[White "eliecercruzr"]
[Black "William Lindberg"]
[Result "1-0"]
[WhiteCountry "CUB"]
[BlackCountry "USA"]
[WhiteElo "2309"]
[WhiteRD "61"]
[BlackElo "2336"]
[BlackRD "68"]
[GameID "737129"]

1. e4 c5 2. Nf3 e6 3. d4 cxd4 4. Nxd4 Nf6 5. Nc3 Nc6 6. Nxc6 bxc6 7. e5 Nd5 8. Nxd5 cxd5 9. Bd3 Qc7 10. Qe2 Bb4+
11. Kf1 Bc5 12. Bf4 Qb6 13. b3 O-O 14. h4 f6 15. Qh5 f5 16. Qe2 Bxf2 17. Qxf2 Ba6 18. Qxb6 axb6 19. Bxa6 Rxa6 20. a4 Rc8
21. Rc1 Kf7 22. Ke2 Ra5 23. Be3 Rc6 24. h5 d4 25. Bxd4 b5 26. axb5 Rxb5 27. Rhd1 g6 28. hxg6+ hxg6 29. Rh1 Kg8 30. Kd3 d6
31. Rce1 Ra6 32. exd6 Rxd6 33. Kc4 Rbd5 34. c3 Rc6+ 35. Kb4 Rd7 36. Kb5 Rcd6 37. b4 Rxd4 38. cxd4 Kg7 39. Kc6 Rxd4 40. b5 Kf6
41. b6 Ra4 42. b7 Rb4 43. Rb1 Rxb7 44. Rxb7
1-0

[Event "BAGDAD III"]
[Site "SchemingMind.com"]
[Date "2023.09.07"]
[Round "-"]
[White "JAHI"]
[Black "eliecercruzr"]
[Result "0-1"]
[WhiteCountry "INT"]
[BlackCountry "CUB"]
[WhiteElo "2164"]
[WhiteRD "84"]
[BlackElo "2309"]
[BlackRD "60"]
[GameID "737130"]

1. c3 d5 2. c4 d4 3. d3 c5 4. g3 e5 5. Bg2 Nc6 6. Kf1 Bd6 7. b3 f5 8. a3 h6 9. e3 dxe3 10. Qh5+ Kf8
11. fxe3 e4 12. Qe2 Be5 13. Ra2 Nf6 14. Nh3 exd3 15. Qd1 a5 16. Nf4 Bxf4 17. gxf4 Ne4 18. Rg1 Rh7 19. Bf3 d2 20. Bxd2 a4
21. Rb2 axb3 22. Bxe4 fxe4 23. Qh5 Be6 24. Qxc5+ Qe7 25. Qxe7+ Kxe7 26. Bc3 Bxc4+ 27. Kf2 g5 28. Nd2 b5 29. Nxe4 Kd8 30. Rd2+ Kc7
31. Bb2 Re7 32. Nd6 Re6 33. Rgd1 Rd8 34. Nxc4 bxc4 35. Rxd8 Nxd8 36. f5 Re4 37. a4 Nf7 38. a5 Re8 39. h3 Nd6 40. f6 Kc6
41. Ba3 Re6 42. Bxd6 Rxf6+
0-1

[Event "BAGDAD III"]
[Site "SchemingMind.com"]
[Date "2023.09.07"]
[Round "-"]
[White "eliecercruzr"]
[Black "JAHI"]
[Result "*"]
[WhiteCountry "CUB"]
[BlackCountry "INT"]
[WhiteElo "2313"]
[WhiteRD "60"]
[BlackElo "2204"]
[BlackRD "80"]
[GameID "737131"]

1. e4 d6 2. d4 d5 3. exd5 Qxd5 4. Nf3 Bg4 5. Be2 Bxf3 6. Bxf3 Qe6+ 7. Be3 Qc8 8. c4 Nd7 9. O-O g6 10. Re1 Bg7
11. Nc3 Kf8 12. Qd2 h6 13. Bf4 Ngf6 14. Rac1 c6 15. Qe3 e6 16. d5 Kg8 17. Rcd1 exd5 18. cxd5 Kh7 19. Qd2 Nb6 20. Re7 Nfxd5
21. Rxf7 Nxf4 22. Qxf4 Rf8 23. Qf6 Rxf7 24. Qxf7 Qe8 25. Qxb7 Rd8 26. g3 Rxd1+ 27. Nxd1 h5 28. b3 h4 29. Kf1 h3 30. Bxc6 Qe6
31. Ne3 Qd6 32. a4 Qd2 33. Be4 Nd7 34. Qa6 Nf8 35. Qc8 Nd7 36. Qe8 Nf8 37. Qc8 Nd7 38. Qc4 Nf8 39. Qc5 Qd7 40. Qg5 Bh6
41. Qh5 Kg7 42. Qe5+ Kh7 43. Ke2 Qe6 44. Qxe6 Nxe6 45. b4 Bf8 46. Nc2 Kg7 47. Bc6 Kf6 48. Kd3 Ke7 49. Be4 Kf6 50. Kc4 g5
51. Bf3 Ke5 52. Bg4 Nd8 53. Bxh3 Kd6 54. a5 Nf7 55. Kb5 Kc7 56. Bg2 Bg7 57. Kc5 Bc3 58. Bf1 Nd6 59. Bg2 Nf7 60. Kc4 Bh8
61. Kd5 Bc3 62. Kc4 Bd2 63. Kd3 Bc1 64. Kc3 g4 65. Nd4 Bh6 66. b5 Nd6 67. Kd3 Kb8 68. Nc6+ Kb7 69. Nb4+ Kc8 70. Bd5 Nxb5
71. Be6+ Kc7 72. Bxg4 Bg7 73. f4 Kd6 74. Nc2 Kc5 75. Be6 Bh6 76. h4 a6 77. h5 Nc7 78. Bf7 Nb5 79. Ne3 Nd6 80. Bg6 Kb5
81. Nf5 Nxf5 82. Bxf5 Kxa5 83. Ke4 Kb6 84. g4 Bf8 85. g5 Kc5 86. Be6 Kd6 87. Ba2 Kc5 88. h6 Kb4 89. f5 Ka3 90. Be6 a5
91. f6 a4 92. h7 Bc5 93. g6 Bg1 94. g7 Bf2 95. g8=Q Kb4 96. h8=Q
*